Recopilación de leyes y reglamentos. Con índices numérico, por ministerios, temático y de notas

Saved in:
Bibliografiske detaljer
Institution som forfatter: Contraloría General de la República (Author)
Format: Bog
Sprog:spansk
Udgivet: Santiago Contraloría General de la República 1992
Fag:
Tags: Tilføj Tag
Ingen Tags, Vær først til at tagge denne postø!

MARC

LEADER 00000nam a2200000 a 4500
001 UCR0710
003 CL-VaPUC
008 971205e19920000CL |||||||||||||||||spa|d
082 0 4 |a 348.022  |b CON  |2 21 
110 2 |a Contraloría General de la República  |e author  |9 396850 
245 1 0 |a Recopilación de leyes y reglamentos. Con índices numérico, por ministerios, temático y de notas 
300 |a t 
942 |c BK 
945 |d 19971205 00:00:00  |a lriquelm 
260 |a Santiago  |b Contraloría General de la República  |c 1992 
500 |a Contiene desde la ley 18.987, de 11 de Julio, a la ley 19.025, de 29 de Diciembre de 1990, y reglamentos publicados entre los meses de abril y diciembre del mismo año 
500 |a Donación profesor Fernando Recio Olguín 
650 7 |a LEGISLACION  |2 CL-VaPUC  |9 396851 
650 0 |a Leyes  |9 256670 
650 7 |a FUENTES  |2 CL-VaPUC  |9 255666 
650 7 |a DERECHO CHILENO  |2 CL-VaPUC  |9 396852 
650 7 |a DECRETOS SUPREMOS  |2 CL-VaPUC  |9 396008 
650 7 |a DECRETO CON FUERZA DE LEY  |2 CL-VaPUC  |9 358086 
650 0 |a Tratados internacionales   |9 256056 
650 7 |a PROTOCOLOS  |2 CL-VaPUC  |9 386841 
650 0 |a Acuerdos internacionales  |9 337381 
651 7 |a CHILE  |2 CL-VaPUC  |9 396853 
583 |a last modification  |c 20140410 10:12:03  |k Rodrigo Vera 
999 |c 264209  |d 264207 
952 |0 0  |1 0  |4 0  |6 348_022000000000000_CON_1992  |7 0  |8 F  |9 294168  |a BIBDER  |b BIBDER  |d 2019-11-19  |h t.97  |i 1911090  |o 348.022 CON 1992  |p 1911090  |r 2023-01-25  |w 2019-11-19  |y BK_F  |k DER 
952 |0 0  |1 0  |4 0  |6 348_022000000000000_CON_1992  |7 0  |8 X  |9 294169  |a BIBHIS  |b BIBHIS  |d 2019-11-19  |h t.97  |i 2129051  |o 348.022 CON 1992  |p 2129051  |r 2024-01-30  |w 2019-11-19  |y BK_X  |k HIS